|
|
|
|
| LEADER |
00000nab a2200000 a 4500 |
| 001 |
vtls000650281 |
| 003 |
SK-MaSNL |
| 005 |
20260305003737.0 |
| 008 |
250425c1997 xo 0 slo |
| 015 |
|
|
|a SNBRA1998/02-03476
|
| 035 |
|
|
|a CLN000002475
|
| 035 |
|
|
|a (urnnbn)urn:nbn:sk:snk:ar-002jyn
|
| 035 |
|
|
|a (uuid)3a042e15-1943-446f-910b-a24fbaae0424
|
| 035 |
|
|
|a urn:nbn:sk:snk-ab7siw
|
| 040 |
|
|
|a SNKBUCL
|b slo
|c SNKBUCL
|e AACR2
|
| 041 |
0 |
|
|a slo
|
| 044 |
|
|
|a xo
|c SK
|
| 080 |
|
|
|a 78(437.6)
|2 1997
|
| 100 |
1 |
|
|a Elschek, Oskár,
|d 1931-2026
|4 aut
|9 89406
|
| 245 |
1 |
0 |
|a Slovenská hudba medzi minulosťou a dneškom
|b retrospektívne poznámky k posledným päťdesiatim rokom vývoja
|c Oskár Elschek
|
| 300 |
|
|
|b Obr.
|
| 650 |
0 |
7 |
|a hudba slovenská
|y po r. 1950
|2 snkbucl
|9 1580881
|
| 655 |
|
7 |
|a články z novín a časopisov
|2 snkbucl
|2 snkbucl
|9 267496
|
| 773 |
0 |
|
|t Slovenská hudba
|g Roč. 23, č. 3-4 (1997), s. 211-233
|x 1335-2458
|
| 850 |
|
|
|a Slovenská národná knižnica
|
| 852 |
|
|
|a Slovenská národná knižnica
|
| 954 |
|
|
|a odborná, vedecká literatúra pôvodná (slovenská)
|2 lita
|
| 958 |
|
|
|a article9
|
| 958 |
|
|
|a SK
|
| 958 |
|
|
|a OND
|
| 958 |
|
|
|a EUIPO
|
| 992 |
|
|
|a RBX
|
| 999 |
|
|
|c 3232017
|d 3233947
|